| 000 | 01033nas a2200325 4500 | ||
|---|---|---|---|
| 001 | BR0105151 | ||
| 003 | BR-BrBNA | ||
| 005 | 20231205102524.0 | ||
| 007 | ta | ||
| 008 | 230509b bl.|||p| |||| 00| 00por d | ||
| 040 |
_aBR-BrBNA _bpor _cBiblioteca Nacional de Agricultura |
||
| 041 | _a(Pt) | ||
| 072 | _aQ02 | ||
| 100 | 1 | _aSilveira, I.A. | |
| 100 | 1 | _aOliveira, R.M. | |
| 100 | 1 | _aCarvalho, E.P. | |
| 100 | 1 | _aCarvalho, D. de | |
| 100 | 1 | _aPilon, L. | |
| 245 | 1 | _aAspectos gerais, positivos e negativos da utilizacao de marcadores PCR-RAPD na identificacao de microrganismos | |
| 650 | _aMicrobiologia de Alimento | ||
| 650 | _aMicrorganismo | ||
| 650 | _aMarcador Genetico | ||
| 650 | _aGenetica Molecular | ||
| 650 | _aDNA | ||
| 650 | _aGenoma | ||
| 650 | _aPolimorfismo Genetico | ||
| 773 | 0 |
_tBoletim da Sociedade Brasileira de Ciencia e Tecnologia de Alimentos (Brazil) _xISSN 0101-3637 _g(Jul-Dec 2000), v. 34(2) p. 77-83 _wBR0105151 |
|
| 909 |
_a202311 _bLúcia _c55 _dLúcia Elande |
||
| 942 |
_2AGRIS _n0 _cANA |
||
| 999 |
_c167993 _d167993 |
||